Logo CIB grande

ADMINISTRACION: UNA PERSPECTIVA GLOBAL (Registro nro. 217525)

Detalles MARC
000 -LEADER
campo de control de longitud fija 00840nam a2200325Ia 4500
005 - FECHA Y HORA DE LA ÚLTIMA TRANSACCIÓN
campo de control 20250425161844.0
008 - DATOS DE LONGITUD FIJA--INFORMACIÓN GENERAL
campo de control de longitud fija 250425s9999 xx 000 0 und d
020 ## - NÚMERO INTERNACIONAL ESTÁNDAR DEL LIBRO
Número Internacional Estándar del Libro 9701020367
041 ## - CÓDIGO DE IDIOMA
Código de lengua del texto/banda sonora o título independiente spa
043 ## - CÓDIGO DE ÁREA GEOGRÁFICA
Código de área geográfica mx
082 ## - NÚMERO DE LA CLASIFICACIÓN DECIMAL DEWEY
Número de clasificación 658
010 ## - NÚMERO DE CONTROL DE LA BIBLIOTECA DEL CONGRESO
Número de control de LC 32548
100 ## - ENTRADA PRINCIPAL--NOMBRE DE PERSONA
Nombre de persona KOONTZ, HAROLD
245 #0 - MENCIÓN DEL TÍTULO
Título ADMINISTRACION: UNA PERSPECTIVA GLOBAL
250 ## - MENCION DE EDICION
Mención de edición 11A ED.
260 ## - PUBLICACIÓN, DISTRIBUCIÓN, ETC.
Lugar de publicación, distribución, etc. MEXICO
260 ## - PUBLICACIÓN, DISTRIBUCIÓN, ETC.
Lugar de publicación, distribución, etc. México
Nombre del editor, distribuidor, etc. MCGRAW-HILL
Fecha de publicación, distribución, etc. 1998
300 ## - DESCRIPCIÓN FÍSICA
Extensión 796
500 ## - NOTA GENERAL
Nota general Título Traducido: MANAGEMENT: A GLOBAL PERSPECTIVE
650 ## - PUNTO DE ACCESO ADICIONAL DE MATERIA--TÉRMINO DE MATERIA
Término de materia o nombre geográfico como elemento de entrada ADMINISTRACION
650 ## - PUNTO DE ACCESO ADICIONAL DE MATERIA--TÉRMINO DE MATERIA
Término de materia o nombre geográfico como elemento de entrada ADMINISTRACION
650 ## - PUNTO DE ACCESO ADICIONAL DE MATERIA--TÉRMINO DE MATERIA
Término de materia o nombre geográfico como elemento de entrada DIRECCION
650 ## - PUNTO DE ACCESO ADICIONAL DE MATERIA--TÉRMINO DE MATERIA
Término de materia o nombre geográfico como elemento de entrada DIRECCION
650 ## - PUNTO DE ACCESO ADICIONAL DE MATERIA--TÉRMINO DE MATERIA
Término de materia o nombre geográfico como elemento de entrada PLANEACION
650 ## - PUNTO DE ACCESO ADICIONAL DE MATERIA--TÉRMINO DE MATERIA
Término de materia o nombre geográfico como elemento de entrada PLANEACION
650 ## - PUNTO DE ACCESO ADICIONAL DE MATERIA--TÉRMINO DE MATERIA
Término de materia o nombre geográfico como elemento de entrada RECURSOS HUMANOS-DESARROLLO
650 ## - PUNTO DE ACCESO ADICIONAL DE MATERIA--TÉRMINO DE MATERIA
Término de materia o nombre geográfico como elemento de entrada RECURSOS HUMANOS-DESARROLLO
700 ## - ENTRADA AGREGADA--NOMBRE PERSONAL
Nombre de persona MERCADO GONZALEZ ENRIQUE
Término indicativo de función/relación traductor
942 ## - ELEMENTOS DE ENTRADA SECUNDARIOS (KOHA)
Tipo de ítem Koha Libros
Existencias
Estatus retirado Estado de pérdida Estado de daño No para préstamo Biblioteca de origen Biblioteca actual Fecha de adquisición Coste, precio normal de compra Total de préstamos Código de barras Copia número Tipo de ítem Koha Fuente de la clasificación o esquema de estantería Ubicación en estantería Nota pública
        CENTRO DE INFORMACIÓN BIBLIOTECARIA CENTRO DE INFORMACIÓN BIBLIOTECARIA 04/04/2002 5.00   30658 1 Libros      
        CENTRO DE INFORMACIÓN BIBLIOTECARIA CENTRO DE INFORMACIÓN BIBLIOTECARIA 10/02/2003 18.00   39061 3 Libros Clasificación Decimal Dewey    
        CENTRO DE INFORMACIÓN BIBLIOTECARIA CENTRO DE INFORMACIÓN BIBLIOTECARIA 17/11/2003 18.00   39062 4 Libros Clasificación Decimal Dewey    
        CENTRO DE INFORMACIÓN BIBLIOTECARIA CENTRO DE INFORMACIÓN BIBLIOTECARIA 12/05/2017 20.00   D-107398 12 Libros      
        CENTRO DE INFORMACIÓN BIBLIOTECARIA CENTRO DE INFORMACIÓN BIBLIOTECARIA 08/12/2003 24.00   D-27815 6 Libros      
        CENTRO DE INFORMACIÓN BIBLIOTECARIA CENTRO DE INFORMACIÓN BIBLIOTECARIA 07/07/2003 25.00   31887 2 Libros      
        ESCUELA DE NEGOCIOS ESCUELA DE NEGOCIOS 13/07/2001 23.00   CP-01403 7       COMPRA
        ESCUELA DE NEGOCIOS ESCUELA DE NEGOCIOS 01/02/2001 23.00   CP-01404 8       COMPRA
        ESCUELA DE NEGOCIOS ESCUELA DE NEGOCIOS 01/02/2001 23.00   CP-01405 9       COMPRA
        ESCUELA DE NEGOCIOS ESCUELA DE NEGOCIOS 01/02/2001 23.00   CP-01406 10       COMPRA
        ESCUELA DE NEGOCIOS ESCUELA DE NEGOCIOS 01/02/2001 23.00   CP-01407 11       COMPRA

Copyright 2025 ESPOL. Todos los derechos reservados.